000 01089nam a22002657a 4500
001 81169
003 BD-RjUL
005 20231128113901.0
008 230205s2015 bg a|||| m||| 00| 0 eng d
035 _a(BD-RjUL)81169
040 _aBD-RjUL
_beng
_cBD-RjUL
_dBD-RjUL
041 _aeng
082 _223
_a639.3
_bAHI 2015
100 _aAhsan, Md. Kamrul
_96831
245 1 0 _aIsolation and molecular characterization of bacteria from diseased farm fish /
_cBy Md. Kamrul Ahsan ;
_6Principal Supervisor : Selina Parween, Co-Supervisor : Ananda Kumar Saha, Co-Supervisor : Md. Mosharrof Hossain.
260 _aRajshahi :
_bDepartment of Zoology, University of Rajshahi,
_c2015.
300 _axv, 227 leaves :
_bill, ;
_c29.cm.
502 _aThesis (Ph. D.) -- Department of Zoology, University of Rajshahi, 2015
504 _aReferences : Leaves 172 - 211
650 _aFishes
_vFishing
_96832
700 _aParween, Selina, Principal Supervisor
_95723
700 _aSaha, Ananda, Kumar, Co-Supervisor
_96158
700 _aHossain, Md. Mosharrof, Co-Supervisor
_96833
942 _2ddc
_cTHE
999 _c81169
_d81169